Normal view
MARC view
- دية ، عبد المجيد عبداللة
Entry Personal Name
001 - CONTROL NUMBER
- control field: 21370
003 - CONTROL NUMBER IDENTIFIER
- control field: JO-AjAnu
005 - DATE AND TIME OF LATEST TRANSACTION
- control field: 20230606073714.0
008 - FIXED-LENGTH DATA ELEMENTS
- fixed length control field: 230606|| aca||aabn | a|a d
040 ## - CATALOGING SOURCE
- Original cataloging agency: JO-AjAnu
- Transcribing agency: JO-AjAnu
100 ## - HEADING--PERSONAL NAME
- Personal name: دية ، عبد المجيد عبداللة
670 ## - SOURCE DATA FOUND
- Source citation: Work cat.: (JO-AjAnu)10979: دية ، عبد المجيد عبداللة , author, القواعد والضوابط الفقهية لأحكام المبيع في الشريعة الإسلامية